| 000 | 00706nam a2200205 a 4500 | ||
|---|---|---|---|
| 001 | 000024859 | ||
| 005 | 20200930023419.0 | ||
| 008 | 110207s1993 sp r 000 0 spa d | ||
| 020 | _a8488066015 | ||
| 040 |
_aDO-SdBNP _bspa _cBNPHU |
||
| 082 |
_ann* _bnn* |
||
| 100 | 1 |
_aRay, Sondra. _944722 |
|
| 245 | 1 | 0 |
_aCelebrando la respiración : _b(renacimiento, libro II) o cómo sobrevivir a todo y sanar tu cuerpo / _cSondra Ray ; traducción de José Antonio Torres Almodóvar. |
| 250 | _a2a ed. | ||
| 260 |
_aMadrid : _bNeo-Person, _c1993. |
||
| 300 |
_a183, [6] p. ; _c21 cm. |
||
| 700 | 1 |
_aTorres Almodóvar, José Antonio, _etr. _951021 |
|
| 700 | 1 |
_aGarzón Valdés, Ernesto, _etr. _951010 |
|
| 049 | _aBNGR | ||
| 999 |
_c24352 _d24352 |
||